| 000 | 00000nam##2200000za#4500 |
| 001 | 9.640110 |
| 003 | CaOODSP |
| 005 | 20240212134143 |
| 007 | cr ||||||||||| |
| 008 | 150407|2001||||xxc|||||o f|0| 0 fre|d |
| 040 | |aCaOODSP|bfre |
| 043 | |an-cn--- |
| 086 | 1 |aNE23-94/2001F-PDF |
| 110 | 1 |aCanada. |bOffice national de l'énergie. |
| 245 | 13|aLe secteur de l'électricité au Canada : |h[ressource électronique]|btendances et enjeux : évaluation du marché de l'énergie |
| 260 | |aCalgary - Alberta : |bOffice national de l'énergie |cmai 2001. |
| 300 | |a84p.|bfigure, glossaire, graphiques, cartes, photographies |
| 500 | |aLe n° de catalogue (NE23-94/2001F) et l'ISBN (0-662-85479-9) de l'édition imprimée ont été incorrectement copiés dans cette édition électronique. |
| 590 | |a12-21-Supp|b2012-05-18 |
| 691 | 07|aÉlectricité|2gcpds |
| 691 | 07|aPrix|2gcpds |
| 691 | 07|aDemande|2gcpds |
| 691 | 07|aCommerce|2gcpds |
| 775 | 08|tCanadian electricity trends and issues : |w(CaOODSP)9.695993 |
| 776 | 0#|tLe secteur de l'électricité au Canada : |w(CaOODSP)9.681388 |
| 856 | 40|ahttp://publications.gc.ca|qPDF|s1.49 Mo|uhttps://publications.gc.ca/collections/Collection/NE23-94-2001F.pdf |